<?xml version="1.0" encoding="UTF-8"?>
<collection xmlns="http://www.loc.gov/MARC21/slim">
 <record>
  <leader>01039nam a2200181 a 4500</leader>
  <controlfield tag="001">1/55616</controlfield>
  <controlfield tag="008">230118s2000    gr            000 | gre d</controlfield>
  <datafield tag="040" ind1=" " ind2=" ">
   <subfield code="a">GR-PeUP</subfield>
  </datafield>
  <datafield tag="082" ind1="0" ind2="0">
   <subfield code="a">027.7 MON</subfield>
  </datafield>
  <datafield tag="110" ind1="2" ind2=" ">
   <subfield code="a">Μονάδα Ολικής Ποιότητας Ακαδημαϊκών Βιβλιοθηκών.</subfield>
  </datafield>
  <datafield tag="245" ind1="0" ind2="0">
   <subfield code="a">Στατιστικά στοιχεία ακαδημαϊκών βιβλιοθηκών 1999 / </subfield>
   <subfield code="c">Μονάδα Ολικής Ποιότητας Ακαδημαϊκών Βιβλιοθηκών.</subfield>
  </datafield>
  <datafield tag="260" ind1=" " ind2=" ">
   <subfield code="a">Ιωάννινα : </subfield>
   <subfield code="b">Μονάδα Ολικής Ποιότητας Ακαδημαϊκών Βιβλιοθηκών, </subfield>
   <subfield code="c">2000.</subfield>
  </datafield>
  <datafield tag="300" ind1=" " ind2=" ">
   <subfield code="a">104 σ. :</subfield>
   <subfield code="b">πίν. ;</subfield>
   <subfield code="c">29 εκ.</subfield>
  </datafield>
  <datafield tag="500" ind1=" " ind2=" ">
   <subfield code="a">Περιλαμβάνει παραρτήματα.</subfield>
  </datafield>
  <datafield tag="650" ind1=" " ind2="0">
   <subfield code="a">Academic libraries</subfield>
   <subfield code="z">Greece</subfield>
   <subfield code="x">Statistics</subfield>
   <subfield code="x">Periodicals.</subfield>
  </datafield>
  <datafield tag="650" ind1=" " ind2="4">
   <subfield code="a">Ακαδημαϊκές βιβλιοθήκες </subfield>
   <subfield code="z">Ελλάδα</subfield>
   <subfield code="x">Στατιστική</subfield>
   <subfield code="x">Περιοδικά.</subfield>
  </datafield>
  <datafield tag="852" ind1=" " ind2=" ">
   <subfield code="a">INST</subfield>
   <subfield code="b">UNIPILB</subfield>
   <subfield code="c">MAIN</subfield>
   <subfield code="e">20230118</subfield>
   <subfield code="h">027.7 MON</subfield>
   <subfield code="p">00188271</subfield>
   <subfield code="q">00188271</subfield>
   <subfield code="t">MAIN</subfield>
   <subfield code="y">0</subfield>
   <subfield code="4">1</subfield>
  </datafield>
  <datafield tag="960" ind1=" " ind2=" ">
   <subfield code="a">ΑΛΜΠΑΝΗ ΤΑΝΙΑ</subfield>
  </datafield>
 </record>
</collection>
